[Event "Blitz 2018"]
[Site "Saint-Petersburg"]
[Date "2018.12.29"]
[Round "11"]
[Board "89"]
[White "Hirneise Tobias (GER)"]
[Black "Zaitsev Alexander (RUS)"]
[Result "0-1"]
[BlackElo "2402"]
[WhiteElo "2472"]
[LiveChessVersion "1.4.8"]

1. e4 e6 2. d4 {[%clk 0:03:04]} d5 {[%clk 0:03:06]} 3. Nc3 {[%clk 0:03:05]} Bb4
{[%clk 0:03:07]} 4. e5 {[%clk 0:03:06]} Ne7 {[%clk 0:03:08]} 5. a3
{[%clk 0:03:08]} Bxc3+ {[%clk 0:03:09]} 6. bxc3 b6 7. Qg4 {[%clk 0:03:08]} Ng6
{[%clk 0:03:12]} 8. h4 {[%clk 0:03:07]} h5 {[%clk 0:03:13]} 9. Qg3
{[%clk 0:03:08]} Ba6 {[%clk 0:03:14]} 10. Bxa6 {[%clk 0:03:07]} Nxa6
{[%clk 0:03:15]} 11. Bg5 {[%clk 0:02:57]} Qd7 {[%clk 0:03:17]} 12. Ne2
{[%clk 0:02:54]} Qa4 {[%clk 0:03:08]} 13. Qd3 {[%clk 0:02:23]} c5
{[%clk 0:03:07]} 14. O-O {[%clk 0:02:17]} Rc8 {[%clk 0:03:05]} 15. f4
{[%clk 0:01:59]} Qc4 {[%clk 0:02:26]} 16. Qxc4 {[%clk 0:01:49]} dxc4
{[%clk 0:02:27]} 17. a4 {[%clk 0:01:51]} Ne7 {[%clk 0:02:03]} 18. Ng3
{[%clk 0:01:30]} Nd5 {[%clk 0:01:47]} 19. Ne4 {[%clk 0:01:28]} cxd4
{[%clk 0:01:38]} 20. Nd6+ {[%clk 0:01:23]} Kd7 {[%clk 0:01:40]} 21. Nxc8
{[%clk 0:01:22]} Rxc8 {[%clk 0:01:35]} 22. f5 {[%clk 0:01:15]} Nxc3
{[%clk 0:01:29]} 23. fxe6+ {[%clk 0:01:13]} Kxe6 {[%clk 0:01:31]} 24. a5
{[%clk 0:00:58]} b5 {[%clk 0:01:32]} 25. Bf6 {[%clk 0:00:59]} gxf6
{[%clk 0:01:13]} 26. Rxf6+ {[%clk 0:01:00]} Kxe5 {[%clk 0:01:15]} 27. Rxa6
{[%clk 0:01:01]} d3 {[%clk 0:01:11]} 28. cxd3 {[%clk 0:01:00]} cxd3
{[%clk 0:01:12]} 29. Rxa7 d2 {[%clk 0:00:56]} 30. Rd7 {[%clk 0:01:01]} Nd5
{[%clk 0:00:58]} 31. Rxf7 {[%clk 0:00:42]} Rc1+ {[%clk 0:00:53]} 32. Rf1
{[%clk 0:00:43]} Rxa1 {[%clk 0:00:17]} 33. Rxa1 {[%clk 0:00:42]} Ke4
{[%clk 0:00:14]} 34. Kf2 {[%clk 0:00:34]} Kd3 {[%clk 0:00:12]} 35. a6
{[%clk 0:00:34]} b4 {[%clk 0:00:05]} 36. a7 {[%clk 0:00:28]} Nb6 {[%clk 0:00:06]}
37. g4 {[%clk 0:00:29]} b3 {[%clk 0:00:07]} 38. a8=Q {[%clk 0:00:19]} Nxa8
{[%clk 0:00:08]} 39. Rxa8 {[%clk 0:00:21]} b2 {[%clk 0:00:09]} 40. Rd8+
{[%clk 0:00:18]} Kc2 {[%clk 0:00:10]} 41. Rc8+ {[%clk 0:00:19]} Kd3
{[%clk 0:00:06]} 42. Rd8+ {[%clk 0:00:18]} Ke4 {[%clk 0:00:04]} 43. Re8+
{[%clk 0:00:13]} Kf4 {[%clk 0:00:05]} 44. Ke2 {[%clk 0:00:04]} b1=Q
{[%clk 0:00:06]} 45. Kxd2 Kxg4 {[%clk 0:00:07]} 0-1

[Event "Blitz 2018"]
[Site "Saint-Petersburg"]
[Date "2018.12.29"]
[Round "11"]
[Board "90"]
[White "Sharma Dinesh K. (IND)"]
[Black "Petrov Nikita (RUS)"]
[Result "0-1"]
[BlackElo "2468"]
[WhiteElo "2383"]
[LiveChessVersion "1.4.8"]

1. e4 {[%clk 0:03:03]} e5 {[%clk 0:03:03]} 2. Nf3 {[%clk 0:03:04]} Nc6
{[%clk 0:03:04]} 3. Bb5 {[%clk 0:03:05]} a6 {[%clk 0:03:05]} 4. Ba4
{[%clk 0:03:06]} b5 {[%clk 0:03:05]} 5. Bb3 {[%clk 0:03:07]} g6 {[%clk 0:03:06]}
6. c3 {[%clk 0:03:04]} Bg7 {[%clk 0:03:06]} 7. O-O {[%clk 0:03:04]} Nge7
{[%clk 0:03:06]} 8. Re1 {[%clk 0:02:51]} O-O {[%clk 0:03:01]} 9. h3
{[%clk 0:02:39]} d6 {[%clk 0:03:00]} 10. d4 {[%clk 0:02:34]} exd4
{[%clk 0:03:01]} 11. cxd4 {[%clk 0:02:35]} Na5 {[%clk 0:03:00]} 12. Bc2
{[%clk 0:02:35]} c5 {[%clk 0:02:53]} 13. Nbd2 {[%clk 0:02:31]} cxd4
{[%clk 0:02:41]} 14. Nb3 {[%clk 0:02:32]} Nxb3 {[%clk 0:02:22]} 15. Bxb3
{[%clk 0:02:27]} Qb6 {[%clk 0:02:16]} 16. Bg5 {[%clk 0:02:26]} Nc6
{[%clk 0:02:15]} 17. Bd5 {[%clk 0:02:13]} Bb7 {[%clk 0:02:12]} 18. Qd2
{[%clk 0:02:06]} Ne5 {[%clk 0:01:41]} 19. Nxd4 {[%clk 0:01:45]} Bxd5
{[%clk 0:01:39]} 0-1

[Event "Blitz 2018"]
[Site "Saint-Petersburg"]
[Date "2018.12.29"]
[Round "11"]
[Board "91"]
[White "Fakhrutdinov Timur (RUS)"]
[Black "Belyakov Bogdan (RUS)"]
[Result "1/2-1/2"]
[BlackElo "2448"]
[WhiteElo "2357"]
[LiveChessVersion "1.4.8"]

1. e4 {[%clk 0:03:02]} c5 {[%clk 0:03:04]} 2. Nf3 {[%clk 0:03:03]} Nf6
{[%clk 0:03:05]} 3. Nc3 {[%clk 0:03:03]} d5 {[%clk 0:03:06]} 4. exd5 Nxd5
{[%clk 0:03:07]} 5. Bb5+ {[%clk 0:02:51]} Bd7 {[%clk 0:03:08]} 6. Ne5
{[%clk 0:02:37]} Nf6 {[%clk 0:03:09]} 7. Nxd7 {[%clk 0:02:24]} Nbxd7
{[%clk 0:03:09]} 8. O-O {[%clk 0:02:19]} a6 {[%clk 0:03:05]} 9. Be2
{[%clk 0:02:19]} g6 {[%clk 0:03:05]} 10. d4 {[%clk 0:02:16]} Bg7 {[%clk 0:02:54]}
11. dxc5 {[%clk 0:01:52]} Nxc5 {[%clk 0:02:54]} 12. Qxd8+ {[%clk 0:01:52]} Rxd8
{[%clk 0:02:55]} 13. Be3 {[%clk 0:01:53]} Rc8 {[%clk 0:02:47]} 14. Bf3
{[%clk 0:01:50]} b5 {[%clk 0:02:39]} 15. a4 {[%clk 0:01:08]} b4 {[%clk 0:02:31]}
16. Na2 {[%clk 0:01:06]} a5 {[%clk 0:02:25]} 17. c3 {[%clk 0:00:58]} bxc3
{[%clk 0:01:33]} 18. Nxc3 {[%clk 0:00:58]} O-O {[%clk 0:01:33]} 19. Rfd1
{[%clk 0:00:33]} e6 {[%clk 0:01:33]} 20. Rd6 {[%clk 0:00:29]} Ne8
{[%clk 0:01:19]} 21. Rb6 {[%clk 0:00:27]} Nd3 {[%clk 0:01:07]} 22. Nd1
{[%clk 0:00:19]} Nf6 {[%clk 0:01:00]} 23. Rb5 {[%clk 0:00:16]} Rb8
{[%clk 0:00:37]} 24. Rxa5 {[%clk 0:00:16]} Nxb2 {[%clk 0:00:38]} 25. Nxb2
{[%clk 0:00:17]} Rxb2 {[%clk 0:00:39]} 26. Bd4 {[%clk 0:00:07]} Rd2
{[%clk 0:00:40]} 27. Be5 {[%clk 0:00:07]} Nd5 {[%clk 0:00:30]} 28. Bxg7
{[%clk 0:00:06]} Kxg7 {[%clk 0:00:31]} 29. Rc5 {[%clk 0:00:05]} Ra8
{[%clk 0:00:22]} 30. a5 {[%clk 0:00:06]} Ra6 {[%clk 0:00:22]} 31. g3
{[%clk 0:00:05]} Nb4 {[%clk 0:00:17]} 32. Bb7 {[%clk 0:00:04]} Ra7
{[%clk 0:00:12]} 33. a6 {[%clk 0:00:05]} Rd6 {[%clk 0:00:11]} 34. Rca5
{[%clk 0:00:04]} Nc2 {[%clk 0:00:10]} 35. R1a2 {[%clk 0:00:05]} Nb4
{[%clk 0:00:10]} 36. R2a4 {[%clk 0:00:04]} Nd5 {[%clk 0:00:10]} 37. Bxd5
{[%clk 0:00:04]} exd5 {[%clk 0:00:11]} 38. Kf1 {[%clk 0:00:05]} d4
{[%clk 0:00:12]} 39. Ke2 {[%clk 0:00:06]} d3+ {[%clk 0:00:13]} 40. Kd2
{[%clk 0:00:07]} h5 {[%clk 0:00:13]} 41. h4 {[%clk 0:00:08]} Kf6 {[%clk 0:00:13]}
42. Ra3 {[%clk 0:00:07]} Ke6 {[%clk 0:00:14]} 43. R5a4 {[%clk 0:00:08]} Kf6
{[%clk 0:00:14]} 44. Ra5 {[%clk 0:00:05]} Ke6 {[%clk 0:00:15]} 45. R5a4
{[%clk 0:00:06]} Kf6 {[%clk 0:00:11]} 46. Rxd3 {[%clk 0:00:04]} Raxa6
{[%clk 0:00:11]} 47. Rxa6 {[%clk 0:00:04]} 1/2-1/2

[Event "Blitz 2018"]
[Site "Saint-Petersburg"]
[Date "2018.12.29"]
[Round "11"]
[Board "92"]
[White "Guimaraes Diogo Duarte (BRA)"]
[Black "Makarov Marat (RUS)"]
[Result "1-0"]
[BlackElo "2505"]
[WhiteElo "2228"]
[LiveChessVersion "1.4.8"]

1. e4 {[%clk 0:03:02]} c5 {[%clk 0:03:02]} 2. Nf3 {[%clk 0:03:03]} d6
{[%clk 0:03:01]} 3. Bb5+ {[%clk 0:03:04]} Nd7 {[%clk 0:02:57]} 4. a4
{[%clk 0:03:02]} Ngf6 {[%clk 0:02:53]} 5. Nc3 {[%clk 0:03:04]} e6
{[%clk 0:02:42]} 6. O-O {[%clk 0:02:57]} Be7 {[%clk 0:02:43]} 7. e5
{[%clk 0:02:33]} dxe5 {[%clk 0:02:42]} 8. Nxe5 {[%clk 0:02:35]} O-O
{[%clk 0:02:40]} 9. d4 {[%clk 0:02:33]} cxd4 {[%clk 0:02:32]} 10. Qxd4
{[%clk 0:02:34]} Nxe5 {[%clk 0:01:28]} 11. Qxe5 {[%clk 0:02:35]} a6
{[%clk 0:01:29]} 12. Bd3 {[%clk 0:02:22]} Bd7 {[%clk 0:01:11]} 13. Bf4
{[%clk 0:01:42]} Bc6 {[%clk 0:01:10]} 14. Rfd1 {[%clk 0:01:18]} Nd7
{[%clk 0:01:10]} 15. Qh5 {[%clk 0:01:13]} g6 {[%clk 0:01:05]} 16. Qh3
{[%clk 0:00:48]} Bf6 {[%clk 0:00:32]} 17. Rab1 {[%clk 0:00:41]} Bg7
{[%clk 0:00:31]} 18. Bh6 {[%clk 0:00:37]} Qf6 {[%clk 0:00:28]} 19. Be4
{[%clk 0:00:28]} Bxh6 {[%clk 0:00:19]} 20. Bxc6 {[%clk 0:00:27]} bxc6
{[%clk 0:00:19]} 21. Qxh6 {[%clk 0:00:19]} Nc5 {[%clk 0:00:20]} 22. Qe3
{[%clk 0:00:12]} Nb7 {[%clk 0:00:13]} 23. Rd7 {[%clk 0:00:12]} Rab8
{[%clk 0:00:13]} 24. Rbd1 {[%clk 0:00:12]} Na5 {[%clk 0:00:14]} 25. b3
{[%clk 0:00:12]} h5 {[%clk 0:00:12]} 26. Ne4 {[%clk 0:00:12]} Qe5
{[%clk 0:00:13]} 27. f4 {[%clk 0:00:12]} Qf5 {[%clk 0:00:13]} 28. R7d4
{[%clk 0:00:09]} Nb7 {[%clk 0:00:14]} 29. Qc3 {[%clk 0:00:09]} e5
{[%clk 0:00:13]} 30. fxe5 {[%clk 0:00:10]} Qxe5 31. Rf1 {[%clk 0:00:11]} Kh8
{[%clk 0:00:14]} 32. Qe3 {[%clk 0:00:10]} f5 {[%clk 0:00:14]} 33. Qh6+
{[%clk 0:00:12]} Kg8 {[%clk 0:00:15]} 34. Rd7 {[%clk 0:00:13]} Rf7
{[%clk 0:00:15]} 35. Rxf7 {[%clk 0:00:13]} Kxf7 {[%clk 0:00:17]} 36. Ng5+
{[%clk 0:00:09]} Kf6 {[%clk 0:00:18]} 37. Nh7+ {[%clk 0:00:10]} Kf7
{[%clk 0:00:19]} 38. Ng5+ {[%clk 0:00:10]} Kf6 {[%clk 0:00:21]} 39. h4
{[%clk 0:00:09]} Qd4+ {[%clk 0:00:22]} 40. Rf2 {[%clk 0:00:10]} Qxh4
{[%clk 0:00:21]} 41. Nh7+ {[%clk 0:00:10]} Kf7 {[%clk 0:00:23]} 42. Qd2
{[%clk 0:00:07]} Qe4 {[%clk 0:00:23]} 43. Ng5+ {[%clk 0:00:06]} Kg7
{[%clk 0:00:23]} 44. Nxe4 {[%clk 0:00:08]} 1-0

[Event "Blitz 2018"]
[Site "Saint-Petersburg"]
[Date "2018.12.29"]
[Round "11"]
[Board "93"]
[White "Yeritsyan Aram (RUS)"]
[Black "Minko Vladimir (RUS)"]
[Result "1-0"]
[BlackElo "2403"]
[WhiteElo "2191"]
[LiveChessVersion "1.4.8"]

1. e4 {[%clk 0:03:03]} c5 {[%clk 0:03:03]} 2. Nf3 {[%clk 0:03:04]} Nc6
{[%clk 0:03:04]} 3. d4 {[%clk 0:03:03]} cxd4 {[%clk 0:03:04]} 4. Nxd4
{[%clk 0:03:04]} e6 {[%clk 0:03:05]} 5. Nb5 {[%clk 0:03:04]} d6 {[%clk 0:03:05]}
6. c4 {[%clk 0:03:06]} Nf6 {[%clk 0:03:04]} 7. N1c3 {[%clk 0:03:07]} a6
{[%clk 0:03:05]} 8. Na3 {[%clk 0:03:08]} Be7 {[%clk 0:03:04]} 9. Be2
{[%clk 0:03:09]} O-O {[%clk 0:03:03]} 10. O-O {[%clk 0:03:10]} e5
{[%clk 0:02:52]} 11. Be3 {[%clk 0:03:04]} Be6 {[%clk 0:02:51]} 12. Rc1
{[%clk 0:02:51]} Rc8 {[%clk 0:02:45]} 13. Qd2 {[%clk 0:02:37]} Qa5
{[%clk 0:02:24]} 14. f3 {[%clk 0:02:27]} Rfd8 {[%clk 0:02:18]} 15. Rfd1
{[%clk 0:02:01]} h6 {[%clk 0:01:55]} 16. Nd5 {[%clk 0:01:54]} Qxd2
{[%clk 0:01:38]} 17. Nxe7+ {[%clk 0:01:41]} Nxe7 {[%clk 0:01:37]} 18. Bxd2
{[%clk 0:01:37]} b5 {[%clk 0:01:30]} 19. Ba5 {[%clk 0:01:33]} Rd7
{[%clk 0:01:19]} 20. cxb5 {[%clk 0:01:34]} Rxc1 {[%clk 0:01:18]} 21. Rxc1
{[%clk 0:01:35]} axb5 {[%clk 0:01:11]} 22. Bxb5 {[%clk 0:01:36]} Ra7
{[%clk 0:01:09]} 23. Bb4 {[%clk 0:01:25]} Bxa2 {[%clk 0:01:04]} 24. Bxd6
{[%clk 0:01:24]} Ng6 {[%clk 0:01:05]} 25. g3 {[%clk 0:01:12]} Rb7
{[%clk 0:01:01]} 26. Rc8+ {[%clk 0:01:12]} Kh7 {[%clk 0:01:01]} 27. Rb8
{[%clk 0:01:13]} Ra7 {[%clk 0:00:58]} 28. h4 {[%clk 0:01:01]} Be6
{[%clk 0:00:57]} 29. Kg2 {[%clk 0:00:53]} Bd7 {[%clk 0:00:48]} 30. Bc5
{[%clk 0:00:50]} Rc7 {[%clk 0:00:46]} 31. b4 {[%clk 0:00:51]} Bxb5
{[%clk 0:00:42]} 32. Nxb5 {[%clk 0:00:52]} Rd7 {[%clk 0:00:42]} 33. Nd6
{[%clk 0:00:51]} Rc7 {[%clk 0:00:30]} 34. Rc8 {[%clk 0:00:46]} Rd7
{[%clk 0:00:27]} 35. b5 {[%clk 0:00:46]} Ne7 {[%clk 0:00:16]} 36. Rf8
{[%clk 0:00:30]} Rc7 {[%clk 0:00:17]} 37. Bf2 {[%clk 0:00:25]} Rc2
{[%clk 0:00:13]} 38. Rxf7 {[%clk 0:00:24]} Ng6 {[%clk 0:00:07]} 39. Nf5
{[%clk 0:00:23]} Nh5 {[%clk 0:00:06]} 40. b6 {[%clk 0:00:21]} Rb2
{[%clk 0:00:03]} 41. b7 {[%clk 0:00:22]} Rb3 {[%clk 0:00:04]} 42. Ba7
{[%clk 0:00:19]} Rb2+ {[%clk 0:00:05]} 43. Kf1 {[%clk 0:00:19]} Nxh4
{[%clk 0:00:03]} 44. gxh4 {[%clk 0:00:19]} Nf4 {[%clk 0:00:04]} 45. Rxg7+
{[%clk 0:00:18]} 1-0

[Event "Blitz 2018"]
[Site "Saint-Petersburg"]
[Date "2018.12.29"]
[Round "11"]
[Board "94"]
[White "Teterev Vitaly (BLR)"]
[Black "Gaifullin Artur (RUS)"]
[Result "1-0"]
[BlackElo "2231"]
[WhiteElo "2397"]
[LiveChessVersion "1.4.8"]

1. Nf3 {[%clk 0:03:03]} Nf6 {[%clk 0:03:04]} 2. g3 {[%clk 0:03:04]} d5
{[%clk 0:03:05]} 3. Bg2 {[%clk 0:03:06]} c5 {[%clk 0:03:05]} 4. O-O
{[%clk 0:03:06]} e6 {[%clk 0:03:06]} 5. d4 {[%clk 0:03:06]} cxd4 {[%clk 0:03:05]}
6. Nxd4 {[%clk 0:03:06]} e5 {[%clk 0:03:07]} 7. Nb3 {[%clk 0:03:03]} Be6
{[%clk 0:03:02]} 8. c4 {[%clk 0:03:01]} Nc6 {[%clk 0:02:29]} 9. cxd5
{[%clk 0:02:44]} Bxd5 {[%clk 0:02:29]} 10. Bg5 {[%clk 0:02:36]} Bxg2
{[%clk 0:02:29]} 11. Kxg2 {[%clk 0:02:37]} Be7 {[%clk 0:02:28]} 12. Nc3
{[%clk 0:02:35]} O-O {[%clk 0:02:27]} 13. Bxf6 {[%clk 0:02:35]} Bxf6
{[%clk 0:02:27]} 14. e4 {[%clk 0:02:32]} Be7 {[%clk 0:01:39]} 15. Nd5
{[%clk 0:02:31]} Bd6 {[%clk 0:01:40]} 16. Qd2 {[%clk 0:02:20]} Rc8
{[%clk 0:01:40]} 17. Rfd1 {[%clk 0:02:21]} Bb8 {[%clk 0:01:41]} 18. Qe3
{[%clk 0:02:10]} a6 {[%clk 0:01:35]} 19. Nb6 {[%clk 0:02:07]} Qc7
{[%clk 0:01:33]} 20. Rd7 {[%clk 0:02:05]} Qxd7 {[%clk 0:01:22]} 21. Nxd7
{[%clk 0:02:05]} Ba7 {[%clk 0:01:23]} 22. Qf3 {[%clk 0:01:53]} Rfd8
{[%clk 0:01:23]} 23. Rd1 {[%clk 0:01:54]} Nd4 {[%clk 0:01:20]} 24. Qg4
{[%clk 0:01:40]} f5 {[%clk 0:00:57]} 25. exf5 {[%clk 0:00:57]} Rxd7
{[%clk 0:00:58]} 26. f6 {[%clk 0:00:57]} Rcd8 {[%clk 0:01:00]} 27. Nxd4
{[%clk 0:00:54]} Bxd4 {[%clk 0:01:01]} 28. Qe6+ {[%clk 0:00:54]} Rf7
{[%clk 0:00:51]} 29. fxg7 {[%clk 0:00:53]} Kxg7 {[%clk 0:00:46]} 30. Rd2
{[%clk 0:00:50]} Rdf8 {[%clk 0:00:46]} 31. f4 {[%clk 0:00:46]} Rf6
{[%clk 0:00:43]} 32. Qg4+ {[%clk 0:00:45]} Rg6 {[%clk 0:00:44]} 33. Qd7+
{[%clk 0:00:37]} Rf7 {[%clk 0:00:45]} 34. Qe8 {[%clk 0:00:29]} Rf8
{[%clk 0:00:28]} 35. Qe7+ {[%clk 0:00:25]} Rf7 {[%clk 0:00:30]} 36. Qe8
{[%clk 0:00:25]} Rf8 {[%clk 0:00:31]} 37. Qd7+ {[%clk 0:00:22]} Rf7
{[%clk 0:00:32]} 38. Qc8 {[%clk 0:00:21]} Rxf4 {[%clk 0:00:09]} 39. Qxb7+
{[%clk 0:00:19]} Rf7 {[%clk 0:00:10]} 40. Qe4 {[%clk 0:00:19]} Rgf6
{[%clk 0:00:11]} 41. Qg4+ {[%clk 0:00:14]} Rg6 {[%clk 0:00:13]} 42. Qe4
{[%clk 0:00:15]} Rgf6 {[%clk 0:00:13]} 43. Re2 {[%clk 0:00:15]} h6
{[%clk 0:00:13]} 44. b4 {[%clk 0:00:16]} Rb6 {[%clk 0:00:13]} 45. a3
{[%clk 0:00:17]} Rbf6 {[%clk 0:00:14]} 46. h4 {[%clk 0:00:15]} Rg6
{[%clk 0:00:13]} 47. Rc2 {[%clk 0:00:15]} Rgf6 {[%clk 0:00:13]} 48. Kh3
{[%clk 0:00:15]} Rf1 {[%clk 0:00:12]} 49. Rc6 {[%clk 0:00:12]} R1f6
{[%clk 0:00:12]} 50. Rxf6 {[%clk 0:00:12]} Rxf6 {[%clk 0:00:13]} 51. Qb7+
{[%clk 0:00:11]} Kf8 {[%clk 0:00:13]} 52. Qd5 {[%clk 0:00:11]} Kg7
{[%clk 0:00:14]} 53. g4 {[%clk 0:00:09]} Kf8 {[%clk 0:00:12]} 54. g5
{[%clk 0:00:09]} hxg5 {[%clk 0:00:11]} 55. hxg5 {[%clk 0:00:10]} Rf4
{[%clk 0:00:11]} 56. Qe6 {[%clk 0:00:09]} Rf1 {[%clk 0:00:08]} 57. Kg4
{[%clk 0:00:09]} Kg7 {[%clk 0:00:08]} 58. Qh6+ {[%clk 0:00:10]} Kf7
{[%clk 0:00:07]} 59. Qh7+ {[%clk 0:00:09]} Ke6 {[%clk 0:00:09]} 60. Qg8+
{[%clk 0:00:09]} Ke7 {[%clk 0:00:09]} 61. Qg7+ {[%clk 0:00:08]} Ke6
{[%clk 0:00:10]} 62. Qg6+ {[%clk 0:00:10]} Ke7 {[%clk 0:00:12]} 63. Qxa6
{[%clk 0:00:09]} Rg1+ {[%clk 0:00:11]} 64. Kf5 {[%clk 0:00:10]} Be3
{[%clk 0:00:10]} 65. Qe6+ {[%clk 0:00:09]} Kf8 {[%clk 0:00:10]} 66. g6
{[%clk 0:00:09]} Kg7 {[%clk 0:00:08]} 67. Qf7+ {[%clk 0:00:10]} Kh6
{[%clk 0:00:10]} 68. Qh7# 1-0

[Event "Blitz 2018"]
[Site "Saint-Petersburg"]
[Date "2018.12.29"]
[Round "11"]
[Board "96"]
[White "Pogosyan Stefan (RUS)"]
[Black "Vlassov Nikolai (RUS)"]
[Result "1-0"]
[BlackElo "2438"]
[WhiteElo "2330"]
[LiveChessVersion "1.4.8"]

1. d4 {[%clk 0:03:03]} Nf6 2. c4 Nc6 {[%clk 0:03:05]} 3. Nf3 {[%clk 0:03:04]} e6
{[%clk 0:03:06]} 4. Nc3 {[%clk 0:03:05]} Bb4 {[%clk 0:03:07]} 5. Qc2
{[%clk 0:03:06]} d6 {[%clk 0:03:06]} 6. Bg5 {[%clk 0:03:03]} h6 {[%clk 0:03:07]}
7. Bh4 {[%clk 0:03:04]} g5 {[%clk 0:03:08]} 8. Bg3 {[%clk 0:03:01]} g4
{[%clk 0:03:10]} 9. Nd2 {[%clk 0:03:00]} Nxd4 {[%clk 0:03:10]} 10. Qd3
{[%clk 0:03:02]} e5 {[%clk 0:03:11]} 11. a3 {[%clk 0:02:52]} Bxc3
{[%clk 0:03:04]} 12. Qxc3 {[%clk 0:02:53]} Nf5 {[%clk 0:02:55]} 13. e3
{[%clk 0:02:52]} Be6 {[%clk 0:02:49]} 14. Bd3 {[%clk 0:02:38]} Nxg3
{[%clk 0:02:44]} 15. hxg3 {[%clk 0:02:39]} Qd7 {[%clk 0:02:42]} 16. O-O-O
{[%clk 0:02:31]} O-O-O {[%clk 0:02:40]} 17. Qc2 {[%clk 0:02:33]} Kb8
{[%clk 0:02:31]} 18. Rh2 {[%clk 0:02:31]} h5 {[%clk 0:02:32]} 19. Rdh1
{[%clk 0:02:19]} Qc6 {[%clk 0:02:33]} 20. Ne4 {[%clk 0:02:07]} Nxe4
{[%clk 0:02:30]} 21. Bxe4 {[%clk 0:02:09]} Qxc4 {[%clk 0:02:30]} 22. Qxc4
{[%clk 0:02:10]} Bxc4 {[%clk 0:02:31]} 23. Rxh5 {[%clk 0:02:10]} Rxh5
{[%clk 0:02:27]} 24. Rxh5 {[%clk 0:02:12]} Be6 {[%clk 0:02:27]} 25. Bf5
{[%clk 0:01:37]} Kc8 {[%clk 0:01:58]} 26. e4 {[%clk 0:01:01]} Kd7
{[%clk 0:01:58]} 27. Rh7 {[%clk 0:00:59]} Ke7 {[%clk 0:01:57]} 28. Bxe6
{[%clk 0:00:57]} Kxe6 {[%clk 0:01:57]} 29. Rg7 {[%clk 0:00:58]} Rh8
{[%clk 0:01:58]} 30. Rxg4 {[%clk 0:00:36]} Rh1+ {[%clk 0:01:57]} 31. Kd2
{[%clk 0:00:36]} Rb1 {[%clk 0:01:58]} 32. Kc2 {[%clk 0:00:32]} Rf1
{[%clk 0:01:58]} 33. f3 {[%clk 0:00:33]} Rf2+ {[%clk 0:01:58]} 34. Kc3
{[%clk 0:00:34]} Rxg2 {[%clk 0:01:59]} 35. Rg5 {[%clk 0:00:29]} c5
{[%clk 0:01:49]} 36. b4 {[%clk 0:00:29]} Ra2 {[%clk 0:01:42]} 37. Kb3
{[%clk 0:00:28]} Rf2 {[%clk 0:01:42]} 38. Rf5 {[%clk 0:00:29]} b5
{[%clk 0:01:37]} 39. bxc5 {[%clk 0:00:23]} dxc5 {[%clk 0:01:38]} 40. g4
{[%clk 0:00:20]} c4+ {[%clk 0:01:38]} 41. Kc3 {[%clk 0:00:16]} Ra2
{[%clk 0:01:38]} 42. Kb4 {[%clk 0:00:14]} Rb2+ {[%clk 0:01:39]} 43. Ka5
{[%clk 0:00:11]} c3 {[%clk 0:01:36]} 44. g5 {[%clk 0:00:13]} c2 {[%clk 0:01:18]}
45. Rf6+ {[%clk 0:00:14]} Kd7 {[%clk 0:01:19]} 46. Rxf7+ {[%clk 0:00:16]} Kd6
{[%clk 0:01:19]} 47. Rf6+ {[%clk 0:00:16]} Kc5 {[%clk 0:01:14]} 48. Rf8
{[%clk 0:00:16]} Kd4 {[%clk 0:01:14]} 49. Rc8 {[%clk 0:00:16]} Kd3
{[%clk 0:01:07]} 50. g6 {[%clk 0:00:17]} Rb1 {[%clk 0:01:07]} 51. Rd8+
{[%clk 0:00:11]} Ke3 {[%clk 0:01:03]} 52. Rc8 {[%clk 0:00:04]} c1=Q
{[%clk 0:01:01]} 53. Rxc1 {[%clk 0:00:03]} Rxc1 54. Kxb5 Kxf3 {[%clk 0:01:01]}
55. g7 {[%clk 0:00:05]} Rg1 {[%clk 0:01:01]} 1-0